00780nam a2200205Ia 450000500170000000800410001701600140005804000240007205000220009608200130011808600230013111000460015424501050020026000920030530000260039756300100042365000580043365000390049165000440053020251015140558.0210303s9999 xx 000 0 und d 2reto2022b aNLNbEnglisheAACR2 aJS7656.9.K28bK11 a354.6695 aOD DT515 NCK8bI43 aKADUNA State Ministry of Internal Affairs 0aActivities of Ministry for Local Government /cKaduna State (Nigeria). Ministry for Local Government aKaduna StatebInformation Division, Ministry of Internal Affairs and Information,c1982 a18p. :bports. ; 24cm a(pbk) aKaduna State (Nigeria). Ministry for Local Government aGovernment publicityvKaduna state aLocal governmentvNigeriaxKaduna State